[Event "Speed Chess Championship 2020"]
[Site "Online"]
[Date "2020.11.19"]
[Round "2.25"]
[White "So, Wesley"]
[Black "Duda, Jan-Krzysztof"]
[Result "1/2-1/2"]
[WhiteElo "2816"]
[BlackElo "2743"]
[Annotator "TA"]
[PlyCount "93"]
[EventDate "2020.10.31"]
[EventType "k.o."]
[EventCountry "NET"]
[SourceTitle "playchess.com"]
[Source "ChessBase"]
[SourceQuality "1"]

{[%evp 20,93,57,51,53,0,87,95,111,110,110,118,130,76,135,127,128,137,137,131,137,128,141,126,141,135,161,142,137,141,145,147,164,119,85,0,0,-494,123,108,99,83,83,83,58,67,197,208,436,437,437,393,373,0,0,0,0,0,0,0,20,24,43,16,38,38,38,0,0,0,0,0,0,0,0,0]} 1. e4 c5 2. Nf3 e6 3. d4 cxd4 4. Nxd4 Nc6 5. Nc3 Qc7 6. g3 a6 7. Bg2 Nf6 8. O-O Nxd4 9. Qxd4 Bc5 10. Bf4 d6 11. Qd2 $1 e5 {B47: Sicilian: Taimanov: 5 Nc3 Qc7 6 f4, 6 g3 and 6 Be2.} 12. Be3 (12. Bg5 $14) 12... O-O {[#]} (12... Bxe3 $11 13. Qxe3 (13. fxe3 Be6 $11) 13... O-O) 13. Bg5 $146 {[%cal Rg5f6]} ({Predecessor:} 13. Rad1 Bg4 14. f3 Be6 15. Kh1 Bb4 16. Bg5 Bxc3 17. bxc3 Ne8 18. a4 f6 19. Be3 {½-½ (39) Ahmadinia,E (2195)-Paridar,S (2263) Iran 2005}) 13... Be6 {White is better.} 14. Bxf6 gxf6 {[#]} 15. Nd5 $1 {[%mdl 512]} Bxd5 16. exd5 (16. Qxd5 $142 Qb6 17. Rab1) 16... Kh8 (16... Kg7 $142) 17. Be4 $36 {[%mdl 2048] Qh6! is the strong threat. White is on the roll.} Rg8 {[#]} 18. Qh6 $1 {[%csl Ge4][%cal Rh6h7][%mdl 576] Double Attack} Rg6 19. Bxg6 fxg6 20. c3 f5 21. Kg2 Rg8 22. Rad1 Qf7 23. h4 b5 24. Rh1 f4 {next ...fxg3 is good for Black.} 25. gxf4 Qf5 26. Qg5 {aiming for Qxf5.} Qe4+ 27. Kh2 (27. f3 $1 $16 {[%cal Rf3e4]} Qe2+ 28. Kh3) 27... Rf8 $11 28. h5 $2 {[%mdl 8192]} (28. f3 $11 {and White stays safe.} Qe2+ 29. Qg2) 28... gxh5 $2 (28... Rxf4 $19 29. Qd8+ {[#]} Kg7 $1 {[%mdl 512]} 30. h6+ Kf7 31. Qc7+ Kf6 32. Qd8+ Kf5 33. Qc8+ Kg5 34. Rdg1+ Kh5 $1 {[%mdl 512]} 35. Qh3+ Rh4 $1 {[%mdl 512]} 36. Qxh4+ Kxh4) 29. Rdg1 {[%csl Gg1][%cal Rg5g7]} Qxf4+ 30. Qxf4 Rxf4 $16 {[%mdl 4096] Endgame KRR-KRB} 31. Rg5 Bxf2 32. Rxh5 {And now Rh6 would win.} e4 (32... Be3 $1 $14) 33. Kg2 $18 e3 $2 (33... Rf7 {might work better.} 34. Kf1 Bc5+ 35. Ke1 a5) 34. Rxh7+ Kg8 {Black hopes to continue with ...e2.} 35. Re7 Rf5 36. Rhh7 $2 (36. Rh6 $18) 36... e2 $1 $11 {[%cal Re2e1]} 37. Rxe2 (37. Rh5 {is interesting.} e1=N+ 38. Rxe1 Rxh5 39. Kxf2 Kf7 40. Re4) 37... Kxh7 38. Rxf2 Rxd5 {KR-KR} 39. Kf3 Kg6 40. Ke4 Rd1 41. b4 Kg5 42. Rf5+ Kg4 {Hoping for ...Re1+.} 43. Rd5 Re1+ {The position is equal.} 44. Kd4 Rd1+ 45. Ke4 Re1+ 46. Kd4 Rd1+ 47. Ke4 {Weighted Error Value: White=0.46/Black=0.54} 1/2-1/2

[Event "Speed Chess Championship 2020"]
[Site "Online"]
[Date "2020.12.03"]
[Round "2.25"]
[White "Vachier-Lagrave, Maxime"]
[Black "Aronian, Levon"]
[Result "1-0"]
[WhiteElo "2784"]
[BlackElo "2781"]
[Annotator "TA"]
[PlyCount "71"]
[EventDate "2020.10.31"]
[EventType "k.o."]
[EventCountry "NET"]
[SourceTitle "playchess.com"]
[Source "ChessBase"]
[SourceQuality "1"]

{[%evp 12,71,11,20,14,11,18,11,13,11,9,11,17,14,21,0,18,0,-4,0,0,-8,5,5,16,-6,-5,-17,0,-6,0,-15,-8,-8,0,-18,-2,-7,-5,-5,-5,-18,-23,-24,-27,-20,-25,-60,0,-42,-36,-32,-51,-127,-52,-115,0,0,29983,2414,1808,1207]} 1. e4 e5 2. Nf3 Nc6 3. Bc4 Bc5 4. O-O Nf6 5. d3 d6 6. c3 O-O 7. Re1 $1 {[%mdl 4] is now more promising than 7.Bb3.} a5 {C54: Giuoco Piano: 4 c3 Nf6, main lines with 5 d4 and 5 d3.} 8. Nbd2 Be6 9. Bb5 Qb8 {The position is equal.} 10. Nf1 Qa7 11. Be3 Bxe3 12. Nxe3 {[#]} a4 $146 ({Predecessor:} 12... Qb6 13. a4 Ng4 14. Qd2 Nxe3 15. Rxe3 Ne7 16. d4 Ng6 17. Ng5 c6 18. Bf1 Rad8 19. Nxe6 fxe6 {1-0 (57) Adams,M (2701)-Anton Guijarro,D (2703) Biel 2020}) 13. Qc2 Ne7 14. Bc4 Bxc4 15. Nxc4 b5 16. Ne3 c5 17. Rad1 Rac8 18. g3 Rfd8 19. Qe2 Ng6 20. h3 Qd7 21. Kh2 Qe6 22. a3 h6 23. Kg2 d5 (23... Rb8 {is interesting.} 24. Qc2 Re8 25. Rc1 Qd7 26. Rcd1 Qc6) 24. exd5 Nxd5 25. Nxd5 Qxd5 26. Kg1 {[%cal Rf3e5]} f6 27. d4 exd4 28. cxd4 c4 29. Nh2 c3 (29... Rd7 $15) 30. bxc3 Rxc3 31. Ng4 Rxa3 32. Qc2 (32. Ne3 $15 Qd7 33. Qc2) 32... Nf8 (32... Qf7 $17 33. Rb1 Rxd4 34. Rxb5 Rad3) 33. Re7 (33. Ne3 $15 Ra2 34. Qb1) 33... Rd7 ({Black should play} 33... Qd6 $17 34. Qe4 f5 $1 {[%mdl 512]}) 34. Re8 $11 {Threatening Rde1.} Rd8 $2 {[%mdl 8192] [#]} (34... Qf7 $11 35. Ra8 Re7) 35. Nxf6+ $1 {[%mdl 512]} Kf7 $18 (35... gxf6 36. Qg6+) 36. Nxd5 {Weighted Error Value: White=0.14/Black=0.43} 1-0

[Event "Speed Chess Championship 2020"]
[Site "Online"]
[Date "2020.12.05"]
[Round "2.25"]
[White "Nakamura, Hikaru"]
[Black "Fedoseev, Vladimir"]
[Result "1-0"]
[WhiteElo "2736"]
[BlackElo "2676"]
[Annotator "TA"]
[PlyCount "79"]
[EventDate "2020.10.31"]
[EventType "k.o."]
[EventCountry "NET"]
[SourceTitle "playchess.com"]
[Source "ChessBase"]
[SourceQuality "1"]

{[%evp 10,79,56,38,51,0,20,0,17,8,51,0,0,0,12,0,21,16,36,-61,-58,-45,63,54,81,89,66,63,75,0,0,-3,-3,-3,-4,-11,-17,-19,82,64,81,72,76,0,0,0,11,17,22,0,104,106,95,110,95,100,90,89,74,0,0,0,310,313,618,475,449,439,457,447,659,605]} 1. e4 e6 2. Nc3 d5 3. d4 Bb4 4. e5 c5 5. Bd2 a6 6. Qg4 Kf8 {C17: French: 3 Nc3 Bb4 4 e5 c5 sidelines.} 7. dxc5 $5 {[%mdl 4] Leaves trodden paths.} (7. a3 $14 Bxc3 8. Bxc3) 7... Bxc5 8. Bd3 Nc6 {The position is equal.} 9. Nf3 Nge7 10. O-O-O {[#]} (10. Ne2 $14) 10... Qc7 $146 ({Predecessor:} 10... b5 11. h4 Ng6 12. Bxg6 hxg6 13. h5 gxh5 14. Rxh5 Rg8 15. Rdh1 Ke8 16. Rh8 Kd7 17. Rxg8 Qxg8 18. Nxd5 Bb7 19. Rd1 Ne7 20. Nxe7 Kxe7 21. Bb4 Rc8 22. Bxc5+ {1-0 (22) Pershin,D (2328)-Shubin,A (2114) Taganrog 2017}) 11. Rde1 Nb4 12. Kb1 Nxd3 13. cxd3 Bd7 ({Don't play} 13... Bxf2 $6 14. Rc1 $14) 14. Ng5 ({Better is} 14. Be3 $14) 14... h6 $15 15. Nf3 Nf5 (15... h5 $15 16. Qf4 Ng6) 16. Rc1 $1 $14 Qb6 17. Na4 Bxa4 18. Qxa4 {Threatens to win with Rxc5!} Kg8 19. g4 (19. Ba5 $16 Qa7 20. d4 Nxd4 {[#]} 21. Rxc5 $1 {[%mdl 512]} Nxf3 22. Rc7) 19... Nd4 $11 {[#]} 20. Rxc5 $1 {[%mdl 512]} Nxf3 (20... Qxc5 21. Nxd4) 21. Be3 $132 {[%mdl 2048] aiming for Rc8+! White has counterplay} d4 $1 22. Bxd4 {Strongly threatening Rc8+!} Qd8 23. Be3 b6 (23... Qxd3+ $11 {keeps the balance.} 24. Ka1 h5) 24. Rc3 $16 Nxe5 25. Qe4 Nd7 26. h4 (26. Bd4 $16) 26... Nf6 $11 27. Qf3 Nd5 (27... Qd5 $5 {[%cal Rd5f3]} 28. Rh3 b5 $11) 28. Rcc1 Qd7 29. g5 {With the idea gxh6.} Qb5 (29... Rd8 $11 {remains equal.}) 30. Bd4 $16 Rd8 31. Rhg1 {Black must now prevent gxh6.} h5 32. g6 {[%csl Gg6][%cal Rf3f7]} f6 33. Qe4 Qd7 34. f4 ({White should try} 34. Rce1 $16) 34... Rh6 $11 35. Rge1 Ne7 $2 {[%mdl 8192]} (35... Rf8 $11 {and Black has nothing to worry.}) 36. Bxb6 $18 Re8 $2 (36... Qxd3+ 37. Qxd3 Rxd3) 37. Qxe6+ {White is clearly winning.} Qxe6 38. Rxe6 Rxg6 39. Rce1 Kf7 (39... Rg4 $142 40. Rxe7 Rxe7 41. Rxe7 Rxf4) 40. Bc5 {Weighted Error Value: White=0.23/Black=0.58} 1-0

[Event "Speed Chess Championship 2020"]
[Site "Online"]
[Date "2020.12.03"]
[Round "2.26"]
[White "Aronian, Levon"]
[Black "Vachier-Lagrave, Maxime"]
[Result "0-1"]
[WhiteElo "2781"]
[BlackElo "2784"]
[Annotator "TA"]
[PlyCount "118"]
[EventDate "2020.10.31"]
[EventType "k.o."]
[EventCountry "NET"]
[SourceTitle "playchess.com"]
[Source "ChessBase"]
[SourceQuality "1"]

{[%evp 9,118,0,0,0,6,0,0,-10,28,23,38,16,16,10,17,14,17,30,66,-13,-12,-39,-21,-6,-3,-23,0,-26,-22,-28,0,0,0,0,11,0,12,12,3,6,10,20,21,9,32,0,5,0,0,0,39,39,47,46,46,43,36,36,36,35,45,37,55,-24,-20,-17,-29,-41,-49,-182,0,-62,-68,-60,-33,-123,-68,-85,0,-151,314,-452,-344,-453,-364,-327,-301,-467,-454,-460,-464,-545,-547,-896,-858,-882,-885,-885,-884,-846,-866,-946,-1071,-1022,-807,-775,-743,-5135,-1015,-2259,-1954]} 1. e4 c5 2. Nf3 d6 3. Bc4 Nf6 4. d3 e6 5. O-O Be7 6. Re1 {B50: Sicilian: 2...d6, Miscellaneous.} O-O 7. c3 d5 8. Bb3 {[#] The position is equal.} c4 $146 ({Predecessor:} 8... dxe4 9. dxe4 Qxd1 10. Bxd1 Nc6 11. h3 b6 12. Bg5 h6 13. Bh4 Bb7 14. Nbd2 Rfd8 {½-½ (51) Kristovic,M (2330)-Banas,J (2380) Zagreb 2009}) 9. dxc4 dxe4 10. Qxd8 Rxd8 11. Nfd2 Na6 {[%cal Bb8a6,Ba6c5,Bc5d3][%mdl 32]} 12. Nxe4 Nxe4 13. Rxe4 Nc5 14. Re1 (14. Rd4 $14) 14... Nd3 $11 15. Rf1 b6 16. Bc2 Nxc1 17. Rxc1 Bb7 18. Kf1 Rac8 19. b3 Bf6 20. a4 a5 21. Ra2 Rc5 22. Rd1 Rxd1+ 23. Bxd1 Be4 24. Bc2 Bb7 25. Bd3 Rc8 26. f3 Kf8 27. Rc2 Bc6 28. Be4 Be8 29. Nd2 ({Don't play} 29. Bxh7 g6 $17) 29... Ke7 30. f4 ({Of course not} 30. Bxh7 g6 $17) 30... h6 31. Nf3 g5 32. g3 Rd8 33. Ke2 gxf4 34. gxf4 Bd7 35. Ne5 Rg8 36. Rd2 ({White should try} 36. Nd3 $14) 36... Bxe5 37. fxe5 {[%mdl 4096] Endgame KRB-KRB} Rg5 38. Kf3 Rxe5 39. h4 (39. Rd1 $15) 39... Rc5 $2 {[#]} (39... f5 $19 40. Bc2 Re1) 40. Kg3 (40. Rg2 $11) 40... Rc8 $15 41. Bf3 Rg8+ 42. Kf4 (42. Kf2 $15) 42... f6 ({Better is} 42... Rg1 $17 43. Rd1 Rxd1 44. Bxd1 f6) 43. Ke3 Rg3 (43... Rg1 $17 44. Rd1 Rxd1 45. Bxd1 f5) 44. Kf4 $2 (44. Kf2 $1 $11 Rg8 45. Re2) 44... Rh3 $2 (44... Rg1 $17 {and life is bright.} 45. Rd1 e5+ 46. Ke3 Rxd1 47. Bxd1 f5) 45. Bb7 $4 {[%mdl 8192]} (45. Kg4 $18 Rxf3 46. Kxf3) 45... e5+ $19 46. Ke4 Rxh4+ 47. Kd5 Rh3 48. b4 (48. Rg2 $142 Rd3+ 49. Ke4 Rxc3 50. Rg7+ Kd6 51. Rg6) 48... Rxc3 {Black is clearly winning.} 49. bxa5 bxa5 {[%cal Bb6a5,Ba5a4,Ba4a3,Ba3a2][%mdl 32]} 50. c5 Bxa4 51. Rg2 Bb3+ 52. Kc6 a4 53. Rg7+ Bf7 54. Kb6 Kf8 55. Rg1 a3 56. c6 a2 {[#] White must now prevent ...Rb3+.} 57. c7 Be6 {Hoping for ...Rb3+.} 58. Bc6 Ke7 59. Bb5 e4 {Weighted Error Value: White=0.47/Black=0.31} 0-1

[Event "Speed Chess Championship 2020"]
[Site "Online"]
[Date "2020.11.19"]
[Round "2.26"]
[White "Duda, Jan-Krzysztof"]
[Black "So, Wesley"]
[Result "1/2-1/2"]
[WhiteElo "2743"]
[BlackElo "2816"]
[Annotator "TA"]
[PlyCount "28"]
[EventDate "2020.10.31"]
[EventType "k.o."]
[EventCountry "NET"]
[SourceTitle "playchess.com"]
[Source "ChessBase"]
[SourceQuality "1"]

{[%evp 9,15,-5,11,4,12,1,18,-10]} 1. d4 Nf6 2. Bf4 d5 3. e3 c5 4. Nd2 Nc6 5. c3 Bg4 {The position is equal.} 6. Qb3 {D00: 1 d4 d5: Unusual lines.} Qc8 7. dxc5 e6 8. Ngf3 {[#] Not much happened in this game. Not enough moves} {Predecessor:} Bxc5 $146 9. Ne5 Bf5 10. Bd3 Bxd3 11. Nxd3 Be7 12. h3 O-O 13. O-O b6 14. Qa4 Qb7 {½-½ (50) Karavade,E (2388)-Osmak,I (2350) Khanty-Mansiysk 2017} 1/2-1/2

[Event "Speed Chess Championship 2020"]
[Site "Online"]
[Date "2020.12.04"]
[Round "2.26"]
[White "Fedoseev, Vladimir"]
[Black "Nakamura, Hikaru"]
[Result "1-0"]
[WhiteElo "2676"]
[BlackElo "2736"]
[Annotator "TA"]
[PlyCount "107"]
[EventDate "2020.10.31"]
[EventType "k.o."]
[EventCountry "NET"]
[SourceTitle "playchess.com"]
[Source "ChessBase"]
[SourceQuality "1"]

{[%evp 9,107,29,34,39,33,30,33,48,69,18,61,36,83,52,49,-20,112,104,96,29,62,53,83,58,24,0,95,-182,183,-87,-62,-78,-72,-150,-172,-168,0,-88,-51,-34,-42,-89,-91,-104,-109,-97,711,714,710,693,1580,1452,1275,759,754,735,730,714,720,693,755,766,719,-219,142,0,193,194,195,179,185,190,180,202,508,475,505,494,485,486,506,473,501,497,608,600,625,622,662,641,919,906,885,781,816,732,837,823,4829,4826]} 1. g3 g6 2. Bg2 Bg7 3. d4 d6 4. c3 Nc6 5. Nf3 e5 6. O-O {A40: Unusual replies to 1 d4.} Bd7 7. e4 Qc8 8. Re1 {White is slightly better.} Bh3 9. Bh1 (9. Bxh3 $14 Qxh3 10. Qb3) 9... h5 {[#]} 10. Ng5 $146 ({Predecessor:} 10. Qa4 Bd7 11. dxe5 Nxe5 12. Qc2 h4 13. Nxh4 Bb5 14. Bg2 Bf6 15. f4 Nd3 16. Re3 Nxf4 17. gxf4 Rxh4 {0-1 (39) Dick,M (1999)-Schaefer,J (2092) Germany 2013}) 10... h4 11. Nxh3 {g4 is the strong threat.} (11. Qb3 {looks sharper.} Nd8 12. Nxh3 hxg3 13. Bg2 Rxh3 14. hxg3 Rh5 15. dxe5 dxe5 16. Nd2) 11... hxg3 12. Ng5 ({White should play} 12. Bg2 $14) 12... gxf2+ (12... gxh2+ $11 {remains equal.} 13. Kf1 Bh6) 13. Kxf2 $16 Rxh2+ 14. Bg2 (14. Kg3 $16 Rh8 15. d5) 14... exd4 $11 15. Bf4 (15. Kg1 $5 {[%cal Rg1h2]} Be5 16. cxd4 (16. Nf3 Rxg2+ 17. Kxg2 Qg4+ 18. Kf1 Nf6 $11) 16... Nxd4 17. Nc3 $16) 15... Rh5 16. Bf3 $1 {[%cal Rf3h5]} Rh8 $1 17. e5 dxe5 (17... Qf5 $1 $11 {keeps the balance.} 18. Bxc6+ (18. exd6+ Kf8 $11) 18... bxc6) 18. cxd4 $2 {[%mdl 8192]} (18. Bxc6+ $16 {and life is bright.} bxc6 19. Bxe5 Qf5+ 20. Qf3) 18... f6 $4 {[%mdl 8192]} (18... Qf5 $19 19. Bd2 Rh5) 19. Ne4 $2 ({Better is} 19. Bg4 $18 f5 20. Bf3) 19... Qf5 $17 {[%mdl 1024] Black has strong compensation.} 20. Bg3 O-O-O $1 21. Kg2 (21. Kg1 $142 Nh6 22. Nbd2 Nxd4 23. Rc1) 21... Qh3+ (21... Nxd4 $2 22. Bg4 $18) 22. Kf2 {Hoping for Bg4+.} Qf5 $2 (22... Nh6 $1 $19 23. Nbd2 Nxd4) 23. Kg1 (23. Kg2 $1 $11 Rxd4 24. Qe2 Qh3+ 25. Kf2) 23... Rxd4 24. Qe2 {And now Bg4 would win.} Qd7 25. Nbc3 f5 $1 26. Nc5 Qe7 27. Nxb7 {Strongly threatening Qa6.} (27. Qb5 $2 Rb4 $19) 27... e4 $2 {[%mdl 8192]} (27... Qg5 $17 28. Qg2 e4) 28. Qa6 $18 {White wants to mate with Nd6+!} Kb8 29. Qxc6 {Threatens to win with Nc5.} Rd3 30. Na5 {[%csl Ga5][%cal Rc6b7]} Bd4+ 31. Kf1 {[%csl Ga5][%cal Rc6b7]} Rxf3+ 32. Ke2 {[%csl Ga5][%cal Rc6b7]} Kc8 33. Qa8+ Kd7 34. Qd5+ Ke8 35. Qxd4 {[%mdl 64] Double Attack} Rh3 36. Be5 $4 {[%mdl 8192]} (36. Nd5 $18 {avoids the disaster.} Rd3 37. Qxd3 exd3+ 38. Kd2 Qe2+ 39. Rxe2+ dxe2 40. Bxc7) 36... Rd3 $2 (36... Re3+ $1 $19 37. Qxe3 (37. Kf1 Rhf3+ 38. Kg2 Qg5+ 39. Kh1 Rh3+ 40. Bh2 Rxh2+ {[%mdl 64] Decoy} 41. Kxh2 Qg3+ {[%mdl 64] Double Attack} 42. Kh1 Qh3+ 43. Kg1 Rg3+ 44. Kf2 Qg2#) 37... Rxe3+ 38. Kxe3 Qxe5) 37. Qc4 (37. Nd5 $16 Qd7 38. Nxc7+ Qxc7 39. Bxc7 Rxd4 40. Rh1 Rxh1 41. Rxh1) 37... Qxe5 $2 (37... Rhe3+ $11 {and Black stays safe.} 38. Kf1 Rf3+ 39. Ke2 (39. Kg1 {gets mated.} Qg5+ 40. Kh1 Rh3+ 41. Bh2 Rxh2+ 42. Kxh2 Qg3+ 43. Kh1 Qh3+ 44. Kg1 Rg3+ 45. Kf2 Qg2#) 39... Rfe3+ 40. Kf1 Rf3+ 41. Ke2 (41. Kg1 {leads to mate.} Qg5+ 42. Kh1 Rh3+ 43. Bh2 Rxh2+ {[%mdl 64] Remove Defender} 44. Kxh2 Qg3+ 45. Kh1 Qh3+ 46. Kg1 Rg3+ 47. Kf2 Qg2#) 41... Rfe3+) 38. Qxg8+ {[%mdl 64] Double Attack} Kd7 39. Qf7+ Kc8 40. Qf8+ Kd7 {[#]} ({Wrong is} 40... Rd8 $2 41. Qxd8+ $1 {[%mdl 512]} Kxd8 42. Nc6+ Kd7 43. Nxe5+ $18) 41. Qd8+ $1 Ke6 $2 (41... Kxd8 42. Nc6+ {[%mdl 64] Double Attack} Ke8 43. Nxe5 Rh2+ 44. Kf1 Rdh3) 42. Qe8+ {White is clearly winning.} Kf6 {( -> ...Qh2+)} 43. Qxe5+ Kxe5 44. Rh1 Rhe3+ 45. Kf1 Rf3+ 46. Ke1 f4 47. Nc4+ Kd4 48. Nd2 Rfe3+ 49. Kd1 Rg3 {intending ...e3.} 50. Ncxe4 Rg2 51. Kc2 f3 52. Rhf1 Re2 53. Rad1 Rxe4 54. Nxe4 {White used his chance.  Weighted Error Value: White=0.71/Black=0.71} 1-0

[Event "Speed Chess Championship 2020"]
[Site "Online"]
[Date "2020.12.05"]
[Round "2.27"]
[White "Nakamura, Hikaru"]
[Black "Fedoseev, Vladimir"]
[Result "1-0"]
[WhiteElo "2736"]
[BlackElo "2676"]
[Annotator "TA"]
[PlyCount "121"]
[EventDate "2020.10.31"]
[EventType "k.o."]
[EventCountry "NET"]
[SourceTitle "playchess.com"]
[Source "ChessBase"]
[SourceQuality "1"]

{[%evp 9,121,0,8,8,16,-19,-18,-19,-16,-57,-55,-96,-57,-59,-80,-73,-34,-37,-35,-52,-40,-35,-37,-39,0,0,0,0,0,-30,0,0,0,0,0,0,0,0,25,31,62,5,10,-31,-31,-26,-24,-32,0,0,0,0,0,-1037,0,0,0,-75,-63,-178,130,0,0,4,570,563,604,597,521,322,305,298,241,249,427,427,423,0,0,0,397,422,402,403,389,385,12833,12834,12835,12835,12836,12836,12837,12837,12837,12838,12838,12839,12840,12840,12841,12840,12841,12841,12844,12844,12845,12845,12848,12848,12849,12847,12848,12848]} 1. b3 c5 2. Bb2 d6 3. Nf3 e5 4. e3 Nc6 5. c4 Nf6 6. Nc3 {A04: Unusual lines after 1 Nf3 and King's Indian Attack.} Be7 7. d3 O-O {[#]} 8. g3 $146 {The position is equal.} ({Predecessor:} 8. Be2 d5 9. cxd5 Nxd5 10. O-O Be6 11. Nxd5 Qxd5 12. Qc2 Rac8 13. Rfd1 Rfd8 14. Rac1 {½-½ (47) Turikov,V (2266)-Kupreichik,V (2443) Stockholm 2013}) 8... d5 {Threatening ...d4.} 9. cxd5 Nxd5 10. a3 Be6 11. Bg2 Nxc3 12. Bxc3 f6 13. O-O Qd7 14. Qc2 Rad8 15. Rfd1 Bd5 16. Rab1 b5 17. b4 cxb4 18. axb4 Rc8 19. Qb2 Rc7 20. e4 Bf7 21. d4 exd4 22. Nxd4 Nxd4 23. Bxd4 {Be5 is the strong threat.} Qe6 24. e5 f5 25. f4 (25. Be3 $14) 25... Rfc8 $11 26. Bc5 Bxc5+ 27. bxc5 Rxc5 28. Rd6 Qc4 29. Rbd1 h6 30. Qb1 Qe2 {White must now prevent ...Rc2.} 31. Re1 $2 {[%mdl 8192] [#]} (31. Qxf5 $11 Rc1 32. Bf1 Qe3+ 33. Kg2) 31... Qc2 $2 (31... Rc1 $1 $19 {[%mdl 512]} 32. Rd8+ (32. Qxc1 Rxc1) 32... Kh7 $1 {[%mdl 512]}) 32. Qxc2 Rxc2 33. e6 (33. Bf1 $11) 33... Be8 $1 $17 34. e7 (34. Bd5 $15 Rc1 35. Kf2 Rxe1 36. Kxe1) 34... R2c7 $2 (34... Rc1 $1 $19 {[%cal Rc1e1]} 35. Bd5+ Kh7 36. Rxc1 Rxc1+ 37. Kf2 Rc7) 35. Bd5+ ({Only move:} 35. Kf1 $1 $16 {And now Bd5+ would win.} Kh7 36. Rd8) 35... Kh7 $11 36. Kf2 $36 {[%mdl 2048] aiming for Be6. White has good play.} g6 $2 {[%mdl 8192]} (36... Rd7 $1 $11 37. Rxd7 Bxd7) 37. Rd8 $18 b4 38. Be6 Rc2+ 39. Kg1 Rc1 40. Rxc1 Rxc1+ {[%mdl 4096] Endgame KRB-KRB} 41. Kf2 Bb5 $2 {[#]} (41... Rc2+ 42. Ke1 Bb5) 42. Bd7 $1 {[%cal Rd7b5]} Rc2+ 43. Kf3 $2 ({White has to play} 43. Ke1 $18 Re2+ 44. Kd1 Rxe7 45. Bxb5) 43... Rc3+ $11 44. Kf2 $2 {[%mdl 8192]} (44. Kg2 $11 Rc2+ 45. Kf3 Rc3+ 46. Kf2 Rc2+ 47. Ke1 Re2+ 48. Kd1 Rxe7 49. Bxb5) 44... Rc2+ $18 45. Ke1 Re2+ 46. Kd1 Rxe7 47. Bxb5 {KRB-KR} a5 $2 (47... Re3 48. Rd7+ Kg8 49. Rxa7 Kf8) 48. Rd7 {White is clearly winning.} Rxd7+ 49. Bxd7 {KB-KP} Kg7 50. Kc2 Kf6 51. Kd3 Ke7 52. Ba4 Kd6 53. Kc4 g5 54. Bc2 Ke6 55. Kc5 Kf6 56. Kb5 gxf4 57. gxf4 Kg6 58. Kxa5 Kh5 59. Bxf5 b3 60. Bb1 Kg4 {[#]} 61. f5 $1 {Quite a comeback for White.  Weighted Error Value: White=0.50/Black=0.50} 1-0

[Event "Speed Chess Championship 2020"]
[Site "Online"]
[Date "2020.12.12"]
[Round "3.1"]
[White "Carlsen, Magnus"]
[Black "Vachier-Lagrave, Maxime"]
[Result "1-0"]
[WhiteElo "2862"]
[BlackElo "2784"]
[Annotator "TA"]
[PlyCount "53"]
[EventDate "2020.10.31"]
[EventType "k.o."]
[EventCountry "NET"]
[SourceTitle "playchess.com"]
[Source "ChessBase"]
[SourceQuality "1"]

{[%evp 10,53,34,0,-1,-2,-15,-10,19,10,20,18,25,0,0,-27,-26,-34,12,14,17,15,19,6,50,35,79,4,58,31,73,29,239,239,254,275,279,285,288,270,841,822,848,868,847,839]} 1. d4 Nf6 2. c4 g6 3. Nc3 d5 4. Nf3 Bg7 5. cxd5 Nxd5 6. Qa4+ Nc6 {[%cal Bb8c6,Bc6b4,Bb4a6,Ba6c5,Bc5b3][%mdl 32] D90: Grünfeld: 4 Nf3 Bg7 sidelines.} 7. e4 Nb6 8. Qc2 O-O {The position is equal.} 9. d5 Nb4 10. Qb3 {[#]} a5 $146 {[%cal Ba7a5,Ba5a4][%mdl 32]} ({Predecessor:} 10... c5 11. a3 Na6 12. Be3 Nd7 13. Bb5 Qa5 14. O-O Nc7 15. a4 Qb4 16. Qc2 a6 {1-0 (61) Jarvenpaa,J (2266)-Maki,V (2400) Finland 2011}) 11. a3 Na6 12. Bg5 Nc5 13. Qc2 a4 14. Rd1 Bg4 15. Be2 Nb3 16. Be3 Bxf3 17. gxf3 Qd7 {[#]} 18. h4 ({Better is} 18. f4 $1 $16) 18... e5 ({Black should play} 18... c5 $1 $11) 19. Nb5 (19. dxe6 $5 Qxe6 20. Nb5 $14) 19... Rac8 20. h5 f5 $2 {This costs Black the game.} (20... c5 $11 {and Black stays safe.}) 21. hxg6 $18 hxg6 22. exf5 gxf5 23. d6 cxd6 24. Qd3 Nc4 $2 {[#]} (24... Nd4) 25. Qxc4+ {White is clearly winning.} Rxc4 26. Bxc4+ Rf7 27. Nxd6 {[%mdl 64] Pin.  Weighted Error Value: White=0.17/Black=0.43} 1-0